| 000 | 00864nam a2200253 4500 | ||
|---|---|---|---|
| 001 | 143420 | ||
| 003 | ES-MaACL | ||
| 005 | 20250728221710.0 | ||
| 007 | t| | ||
| 008 | 070214s1929 fr r ||||1| fre d | ||
| 080 | _a113/119 | ||
| 100 | 1 |
_aSéneca, Lucio Anneo. _9105451 |
|
| 245 | 1 | 0 |
_aQuestions naturelles / _cSénèque ; texte établi et traduit par Paul Oltramare. |
| 260 |
_aParis : _bSocieté d'education `Les Belles Lettres`, _c1929. |
||
| 300 |
_a2 v. ; _c20 cm. |
||
| 490 | 1 | _aCollection des universités de France | |
| 505 | 8 | _aContiene: T. I: Livres I-III -- T.II: Livres IV-VII | |
| 546 | _aTexto en latín y francés. | ||
| 650 | 7 |
_aFilosofía de la naturaleza _2embne _912839 |
|
| 700 | 1 |
_aOltramare, Paul. _987025 |
|
| 830 | 0 |
_aCollection des universités de France _9180876 |
|
| 852 |
_aES-MaACL _jC-7865-66 |
||
| 999 |
_c143420 _d143420 |
||